Normal view MARC view
  • Dinçer, İbrahim

Entry Personal Name

Number of records used in: 2

001 - CONTROL NUMBER

  • control field: 114596

003 - CONTROL NUMBER IDENTIFIER

  • control field: NUST

005 - DATE AND TIME OF LATEST TRANSACTION

  • control field: 20230912164931.0

008 - FIXED-LENGTH DATA ELEMENTS

  • fixed length control field: 230912|| aca||aabn | a|a d

040 ## - CATALOGING SOURCE

  • Original cataloging agency: NUST
  • Transcribing agency: NUST

100 ## - HEADING--PERSONAL NAME

  • Personal name: Dinçer, İbrahim

670 ## - SOURCE DATA FOUND

  • Source citation: Work cat.: (NUST): Dinçer, İbrahim,, Thermal energy storage :, 2011
© 2023 Central Library, National University of Sciences and Technology. All Rights Reserved.